000 01707nam a2200277 i 4500
003 CSPC
005 20250325140232.0
007 ta
008 250325s2023 ph a b 000 0 eng d
020 _a9786218179325
040 _aCSPC
_beng
_cCSPC
_erda
082 0 4 _a701
_bG781a
100 1 _aGravela, Katherine Grace, -Jose,
_eauthor.
245 1 2 _aArt appreciation /
_cKatherine Grace Jose-Gravela.
264 1 _aSta Cruz, Manila :
_bEdric Publishing House,
_c2023.
300 _a85 pages :
_billustrations ;
_c25 cm.
336 _2radcontent
_atext
337 _2rdacarrier
_aunmediated
338 _2rdacarrier
_avolume
504 _aIncludes bibliographical references.
505 0 _aIntroduction to the course -- Art appreciation: creativity, imagination and expression -- Assumption of art -- Visual arts -- Functions of arts: personal, social, physical and philosophical -- Type, source and kinds of subject -- Managers, curators, buyers, collectors and art dealers -- Medium and techniques -- National artists -- Elements of art, performance art, transcreation -- Principles of design, rule of thirds -- Art history -- Instrumental music: baroque, classical, romantic and modern -- Narratives, appropriation, borrowing and ownership -- Acts of cultural appropriation -- Textile art -- Visual elements in the Philippine traditional motifs and crafts -- Symmetry art (okkir/ukkil) -- Improvisation in various artforms -- Philippine indigenous art and GAMABA.
650 0 _aAesthetics.
650 0 _aArt criticism.
942 _2ddc
_n0
_cBK
_h701
_iG781a
_kFIL
_m2023
999 _c29321
_d29321